| 000 | 00910nam0a22002531 4500 | ||
|---|---|---|---|
| 001 | rc\746959 | ||
| 005 | 20250622115727.0 | ||
| 035 | _a(NLR Aleph) 006275717 | ||
| 090 |
_a6996815 _c6996815 |
||
| 100 | _a20040301d1985 |||y0rusy50 ca | ||
| 101 | 0 | _arus | |
| 102 | _aRU | ||
| 105 | _ay ||||||||| | ||
| 200 | 1 |
_aИ вырос комплекс _e[Опыт работы колхоза им. Фрунзе Шклов. р-на Мин. обл.] _f[Лит. запись С.С. Протько] |
|
| 210 |
_aМинск _cУраджай _d1985 |
||
| 215 |
_a63, [1] с. _d20 |
||
| 225 | 1 | _aЖивотноводство - ударный фронт | |
| 700 | 1 |
_aХоленкова _bА.К. _gАнтонина Корнеевна |
|
| 702 | 1 |
_aПротько _bС.С. _gСергей Сафронович _4570 |
|
| 801 | 0 |
_aRU _bNLR _gpsbo |
|
| 801 | 1 |
_aRU _bELAR _2rusmarc |
|
| 852 |
_aNLR _j86-4/12758 |
||
| 942 | _cBOOK | ||
| 980 | _aNB | ||